[Event "AUT-ch Vor3 Internet"]
[Site "Playchess.com INT"]
[Date "2020.04.17"]
[Round "9"]
[White "Galler, Alexander"]
[Black "Mittelbach, Eduard"]
[Result "1-0"]
[WhiteElo "1772"]
[BlackElo "1667"]
[PlyCount "53"]
[EventDate "2020.04.17"]
[EventType "swiss (blitz)"]
[EventRounds "9"]
[EventCountry "AUT"]
[SourceTitle "CBM 195 Extra"]
[Source "ChessBase"]
[SourceDate "2020.05.31"]
[SourceVersion "1"]
[SourceVersionDate "2020.05.31"]
[SourceQuality "1"]

1. e4 d5 2. exd5 Nf6 3. d4 Nxd5 4. Nc3 Nxc3 5. bxc3 c5 6. Ba3 cxd4 7. Qd3 Nc6 8. Nf3 g6 9. cxd4 Bf5 10. Qb5 Qa5+ 11. Qxa5 Nxa5 12. c4 Bg7 13. Be2 0-0-0 14. Rd1 Rhe8 15. 0-0 e5 16. d5 e4 17. Nd4 Bxd4 18. Rxd4 Nc6 19. Rdd1 Ne5 20. h3 Rd7 21. c5 Kb8 22. Bb5 Red8 23. Bxd7 Rxd7 24. c6 bxc6 25. dxc6 Rc7 26. Bd6 Nxc6 27. Bxc7+ 1-0

[Event "AUT-ch Vor3 Internet"]
[Site "Playchess.com INT"]
[Date "2020.04.17"]
[Round "7"]
[White "Ploeckinger, Paul"]
[Black "Galler, Alexander"]
[Result "1-0"]
[WhiteElo "1334"]
[BlackElo "1772"]
[PlyCount "125"]
[EventDate "2020.04.17"]
[EventType "swiss (blitz)"]
[EventRounds "9"]
[EventCountry "AUT"]
[SourceTitle "CBM 195 Extra"]
[Source "ChessBase"]
[SourceDate "2020.05.31"]
[SourceVersion "1"]
[SourceVersionDate "2020.05.31"]
[SourceQuality "1"]

1. b4 d5 2. Bb2 Nf6 3. Nf3 e6 4. b5 Be7 5. e3 0-0 6. c4 c6 7. cxd5 exd5 8. bxc6 Nxc6 9. d4 Re8 10. Be2 Bb4+ 11. Nc3 Ne4 12. Qc2 Bf5 13. 0-0 Ng3 14. Qd1 Nxf1 15. Bxf1 Bxc3 16. Bxc3 Be4 17. Nd2 Bg6 18. Qb3 Rb8 19. Nf3 Be4 20. Nd2 Bg6 21. Nf3 b6 22. Rc1 Na5 23. Qa4 Be4 24. Nd2 f5 25. Nxe4 fxe4 26. Bb5 Rf8 27. Be1 Rc8 28. Rxc8 Qxc8 29. Bxa5 bxa5 30. Qxa5 Qc1+ 31. Bf1 Qc6 32. Bb5 Qf6 33. Qd2 a6 34. Ba4 Rb8 35. Bb3 Qc6 36. h3 a5 37. Qxa5 Qc1+ 38. Kh2 Qc8 39. Qxd5+ Kh8 40. Qxe4 Qc7+ 41. Qf4 Qxf4+ 42. exf4 g6 43. Kg3 Kg7 44. f3 Kf6 45. Kg4 h5+ 46. Kg3 Kf5 47. Kf2 Rd8 48. Ke3 Re8+ 49. Kd3 Kxf4 50. d5 Re3+ 51. Kd4 Re2 52. d6 Rd2+ 53. Kc5 Ke5 54. f4+ Kxf4 55. Kc6 Ke5 56. d7 Kf6 57. Kc7 Ke7 58. Ba4 Rd4 59. Bc6 Rd3 60. a4 Rd6 61. a5 Rd3 62. a6 Ra3 63. d8Q+ 1-0

[Event "AUT-ch Vor3 Internet"]
[Site "Playchess.com INT"]
[Date "2020.04.17"]
[Round "4"]
[White "Tauber, Andreas"]
[Black "Galler, Alexander"]
[Result "1-0"]
[WhiteElo "1972"]
[BlackElo "1772"]
[PlyCount "63"]
[EventDate "2020.04.17"]
[EventType "swiss (blitz)"]
[EventRounds "9"]
[EventCountry "AUT"]
[SourceTitle "CBM 195 Extra"]
[Source "ChessBase"]
[SourceDate "2020.05.31"]
[SourceVersion "1"]
[SourceVersionDate "2020.05.31"]
[SourceQuality "1"]

1. e4 c5 2. b4 cxb4 3. d4 e6 4. Nf3 d6 5. Bd2 a5 6. a3 bxa3 7. Nxa3 Nf6 8. e5 Nd5 9. Bb5+ Bd7 10. c4 Nb4 11. 0-0 Be7 12. Bxd7+ Nxd7 13. Nb5 dxe5 14. dxe5 0-0 15. Re1 Nb6 16. Qe2 Bc5 17. Red1 Qe7 18. Qe4 Nc6 19. Ng5 g6 20. Qh4 h5 21. Qg3 f6 22. Ne4 Nxe5 23. Nxc5 Qxc5 24. Be3 Qc6 25. f4 Nexc4 26. Qxg6+ Kh8 27. Qxh5+ Kg8 28. Qg6+ Kh8 29. Nd4 Qc5 30. Nxe6 Qxe3+ 31. Kh1 Rg8 32. Qh6# 1-0

[Event "AUT-ch Vor2 Internet"]
[Site "Playchess.com INT"]
[Date "2020.04.13"]
[Round "9"]
[White "Galler, Alexander"]
[Black "Huber, Guenter"]
[Result "0-1"]
[WhiteElo "1772"]
[BlackElo "1979"]
[PlyCount "186"]
[EventDate "2020.04.13"]
[EventType "swiss (blitz)"]
[EventRounds "9"]
[EventCountry "AUT"]
[SourceTitle "CBM 195 Extra"]
[Source "ChessBase"]
[SourceDate "2020.05.31"]
[SourceVersion "1"]
[SourceVersionDate "2020.05.31"]
[SourceQuality "1"]

1. e4 b6 2. Nc3 Bb7 3. f4 e6 4. Nf3 Bb4 5. d3 Nf6 6. Be2 0-0 7. 0-0 d5 8. e5 Nfd7 9. d4 c5 10. Be3 Bxc3 11. bxc3 Nc6 12. Bb5 a6 13. Bxc6 Bxc6 14. Rb1 Rb8 15. Qd3 Bb5 16. Rxb5 axb5 17. Qxb5 Qe7 18. Rb1 Rfc8 19. h3 cxd4 20. Bxd4 Nc5 21. a4 Ne4 22. Rb3 h6 23. a5 bxa5 24. Qxb8 Rxb8 25. Rxb8+ Kh7 26. Ra8 Qa3 27. Ra7 Qc1+ 28. Kh2 Qxf4+ 29. Kg1 Ng3 30. Rxa5 Ne2+ 31. Kh1 Nxd4 32. cxd4 Qc1+ 33. Kh2 Qxc2 34. Ra7 Qf5 35. Re7 Qf4+ 36. Kg1 Kg6 37. Kf2 f6 38. Rxe6 Kf7 39. Rd6 fxe5 40. dxe5 g5 41. Rxd5 h5 42. e6+ Ke7 43. Rxg5 Kxe6 44. Rxh5 Kf6 45. Rh4 Qc1 46. Kg3 Qc7+ 47. Kf2 Kg6 48. Rg4+ Kf5 49. Nd4+ Ke5 50. Nf3+ Kd5 51. Rg5+ Kc4 52. h4 Qh7 53. g3 Kd3 54. Rd5+ Kc4 55. Re5 Qc2+ 56. Re2 Qc1 57. g4 Qh1 58. Kg3 Kd3 59. Rg2 Ke3 60. Ng1 Ke4 61. Re2+ Kd3 62. Rg2 Ke3 63. Re2+ Kd3 64. Rg2 Kd4 65. Nf3+ Ke4 66. Ng1 Ke5 67. Re2+ Kf6 68. Rf2+ Kg6 69. Rg2 Kh6 70. Rf2 Qxg1+ 71. Kf3 Qh1+ 72. Kg3 Qd1 73. Rf6+ Kg7 74. g5 Qe1+ 75. Kg4 Qg1+ 76. Kh3 Qe3+ 77. Kg4 Qe2+ 78. Kg3 Qh5 79. Rf4 Qd1 80. Rf6 Qd3+ 81. Kg4 Qe2+ 82. Kg3 Qe3+ 83. Kg4 Qe5 84. Rf5 Qe6 85. Kf4 Qc4+ 86. Kg3 Qd3+ 87. Rf3 Qe4 88. Rf4 Qh1 89. Kg4 Qg2+ 90. Kh5 Qe2+ 91. Rg4 Qf3 92. g6 Qe2 93. Kg5 Qe5# 0-1

[Event "AUT-ch Vor2 Internet"]
[Site "Playchess.com INT"]
[Date "2020.04.13"]
[Round "1"]
[White "Pilshofer, Paul"]
[Black "Galler, Alexander"]
[Result "1-0"]
[WhiteElo "1715"]
[BlackElo "1772"]
[PlyCount "153"]
[EventDate "2020.04.13"]
[EventType "swiss (blitz)"]
[EventRounds "9"]
[EventCountry "AUT"]
[SourceTitle "CBM 195 Extra"]
[Source "ChessBase"]
[SourceDate "2020.05.31"]
[SourceVersion "1"]
[SourceVersionDate "2020.05.31"]
[SourceQuality "1"]

1. d4 d5 2. Nf3 e6 3. g3 Nf6 4. Bg2 Be7 5. 0-0 0-0 6. c4 b6 7. b3 Bb7 8. Bb2 Nbd7 9. Nbd2 Ne4 10. Ne5 f6 11. Nxd7 Qxd7 12. f3 Nxd2 13. Qxd2 Rac8 14. e4 dxc4 15. bxc4 a5 16. a3 Ba6 17. Rac1 c5 18. d5 e5 19. Rfd1 Bd6 20. h4 b5 21. Kh2 b4 22. Bh3 f5 23. Bxf5 Rxf5 24. exf5 Qxf5 25. Qd3 Qh5 26. Qe4 Rf8 27. Rf1 Qh6 28. axb4 axb4 29. Rf2 Re8 30. Ra1 Bc7 31. Bc1 Qd6 32. f4 Bc8 33. Rfa2 Qd7 34. f5 Rf8 35. g4 h5 36. Rf2 hxg4 37. Qxg4 e4+ 38. Bf4 Bxf4+ 39. Rxf4 Rxf5 40. Rxf5 Qxf5 41. Qxf5 Bxf5 42. Ra8+ Kf7 43. Kg3 g6 44. Kf4 Ke7 45. Ra7+ Kd6 46. h5 e3 47. Ra1 e2 48. Re1 Bd3 49. hxg6 Bxg6 50. Rxe2 Bd3 51. Re6+ Kd7 52. Ke5 Bxc4 53. Rd6+ Kc7 54. Rc6+ Kb7 55. Rxc5 Ba2 56. Rb5+ Kc7 57. Rxb4 Kd7 58. Rb7+ Kc8 59. Rg7 Kd8 60. Kd6 Ke8 61. Ra7 Bc4 62. Kc6 Be2 63. Kd6 Bg4 64. Re7+ Kf8 65. Ra7 Ke8 66. Kc6 Bf3 67. Rc7 Kd8 68. Rf7 Bg2 69. Rg7 Bf3 70. Kc5 Ke8 71. d6 Bd1 72. Kb6 Ba4 73. Kc7 Kf8 74. Rh7 Kg8 75. Rh4 Bb5 76. d7 Kf8 77. d8Q+ 1-0

[Event "AUT-ch Vor1 Internet"]
[Site "Playchess.com INT"]
[Date "2020.04.11"]
[Round "8"]
[White "Galler, Alexander"]
[Black "Rosol, Philip"]
[Result "0-1"]
[WhiteElo "1772"]
[BlackElo "1468"]
[PlyCount "88"]
[EventDate "2020.04.11"]
[EventType "swiss (blitz)"]
[EventRounds "9"]
[EventCountry "AUT"]
[SourceTitle "CBM 195 Extra"]
[Source "ChessBase"]
[SourceDate "2020.05.31"]
[SourceVersion "1"]
[SourceVersionDate "2020.05.31"]
[SourceQuality "1"]

1. e4 d6 2. Nc3 Nf6 3. f4 e5 4. f5 Be7 5. Nf3 c6 6. d3 Qc7 7. Be2 Nbd7 8. 0-0 a5 9. a4 0-0 10. b3 h6 11. Ba3 Re8 12. h3 d5 13. Bxe7 Rxe7 14. Rc1 d4 15. Nb1 b5 16. axb5 cxb5 17. Nbd2 a4 18. b4 Qc3 19. Rb1 a3 20. Ra1 Qxb4 21. Nb3 Nc5 22. Nfd2 Nxb3 23. Nxb3 Qc3 24. Qc1 b4 25. Qd2 Rc7 26. Qxc3 Rxc3 27. Bd1 Bd7 28. g4 Rac8 29. Ra2 Ba4 30. Rf2 Bxb3 31. cxb3 Rxd3 32. Bc2 Rxh3 33. Kg2 Re3 34. Rf3 Nxg4 35. Kg3 Rxf3+ 36. Kxf3 Ne3 37. Bd3 Rc3 38. Ke2 Rxb3 39. Kd2 Rb2+ 40. Rxb2 axb2 41. Bb1 h5 42. Ke2 b3 43. Kf3 Nc2 44. Kg3 Na3 0-1

[Event "AUT-ch Vor1 Internet"]
[Site "Playchess.com INT"]
[Date "2020.04.11"]
[Round "4"]
[White "Kienboeck, Benjamin"]
[Black "Galler, Alexander"]
[Result "0-1"]
[WhiteElo "1922"]
[BlackElo "1772"]
[PlyCount "78"]
[EventDate "2020.04.11"]
[EventType "swiss (blitz)"]
[EventRounds "9"]
[EventCountry "AUT"]
[SourceTitle "CBM 195 Extra"]
[Source "ChessBase"]
[SourceDate "2020.05.31"]
[SourceVersion "1"]
[SourceVersionDate "2020.05.31"]
[SourceQuality "1"]

1. e4 c5 2. Nf3 d6 3. d4 cxd4 4. Nxd4 Nf6 5. Nc3 a6 6. f3 e5 7. Nb3 h5 8. Be3 Be6 9. Qd2 Be7 10. 0-0-0 Nbd7 11. Nd5 Bxd5 12. exd5 Rc8 13. Kb1 b5 14. Be2 Nb6 15. h3 Nc4 16. Bxc4 Rxc4 17. g4 h4 18. Rhe1 Nd7 19. f4 f6 20. g5 0-0 21. gxf6 Bxf6 22. Rg1 e4 23. Bd4 Qe8 24. Rg6 Bxd4 25. Nxd4 Qxg6 26. f5 Qg3 27. Ne6 Rxf5 28. Qe2 Ne5 29. b3 Rc3 30. Qxe4 Qf3 31. Qxf3 Rfxf3 32. Rg1 g6 33. Kb2 b4 34. Ng5 Rf2 35. Rc1 Nd3+ 36. Kb1 Nxc1 37. Ne4 Rcxc2 38. Nxf2 Rxf2 39. Kxc1 Rh2 0-1

[Event "North Austria-ch Seniors 65"]
[Site "Spitz am Donau"]
[Date "2017.10.14"]
[Round "7"]
[White "Schmidt, Karl"]
[Black "Galler, Alexander"]
[Result "1/2-1/2"]
[WhiteElo "1960"]
[BlackElo "1811"]
[PlyCount "51"]
[EventDate "2017.10.08"]
[EventType "swiss"]
[EventRounds "7"]
[EventCountry "AUT"]
[SourceTitle "CBM 181 Extra"]
[Source "ChessBase"]
[SourceDate "2017.12.12"]
[SourceVersion "1"]
[SourceVersionDate "2017.12.12"]
[SourceQuality "1"]

1. d4 d5 2. c4 e6 3. Nf3 Nf6 4. Bf4 Bd6 5. Bxd6 cxd6 6. cxd5 Qa5+ 7. Nc3 Nxd5 8. Qc2 Nxc3 9. bxc3 b6 10. e4 Ba6 11. Bxa6 Qxa6 12. Kd2 Nd7 13. Rhe1 e5 14. Re3 0-0 15. Qb3 Rad8 16. a4 Qb7 17. Ke2 Nf6 18. Nd2 Ng4 19. Rg3 Nf6 20. f3 Rfe8 21. Kf2 d5 22. exd5 exd4 23. c4 Qe7 24. Nf1 Qe2+ 25. Kg1 Rc8 26. Rc1 1/2-1/2

[Event "Vienna Tschaturanga op-B U2000"]
[Site "Vienna"]
[Date "2012.02.27"]
[Round "5.3"]
[White "Ruck, Helmut"]
[Black "Galler, Alexander"]
[Result "1/2-1/2"]
[WhiteElo "1858"]
[BlackElo "1855"]
[PlyCount "53"]
[EventDate "2012.01.30"]
[EventType "swiss"]
[EventRounds "7"]
[EventCountry "AUT"]
[SourceTitle "EXT 2024"]
[Source "ChessBase"]
[SourceDate "2023.10.10"]
[SourceVersion "1"]
[SourceVersionDate "2023.10.10"]
[SourceQuality "1"]

1. b3 e5 2. Bb2 Nc6 3. e3 Nf6 4. g3 d6 5. Bg2 Bg4 6. Ne2 Be7 7. c4 Qd7 8. h3 Bf5 9. d3 Bg6 10. a3 0-0 11. Nbc3 Rab8 12. b4 Nd8 13. d4 exd4 14. Nxd4 Ne6 15. 0-0 Rfd8 16. Nf3 Ne4 17. Nd5 c6 18. Nxe7+ Qxe7 19. Nh4 f5 20. Nxg6 hxg6 21. Bxe4 fxe4 22. Qg4 Ng5 23. h4 Nf3+ 24. Kg2 d5 25. cxd5 Rxd5 26. Rad1 Rbd8 27. Rxd5 1/2-1/2

[Event "Vienna Tschaturanga op-B U2000"]
[Site "Vienna"]
[Date "2012.02.13"]
[Round "3.1"]
[White "Roehrbacher, Franz"]
[Black "Galler, Alexander"]
[Result "1/2-1/2"]
[WhiteElo "1744"]
[BlackElo "1855"]
[PlyCount "171"]
[EventDate "2012.01.30"]
[EventType "swiss"]
[EventRounds "7"]
[EventCountry "AUT"]
[SourceTitle "EXT 2024"]
[Source "ChessBase"]
[SourceDate "2023.10.10"]
[SourceVersion "1"]
[SourceVersionDate "2023.10.10"]
[SourceQuality "1"]

1. g3 e5 2. Bg2 Nf6 3. c4 Nc6 4. Nc3 Bb4 5. Nd5 0-0 6. a3 Be7 7. Nxe7+ Qxe7 8. Nf3 e4 9. Nh4 d5 10. cxd5 Nxd5 11. d3 Nf6 12. 0-0 exd3 13. Qxd3 Rd8 14. Qe3 Qxe3 15. Bxe3 Nd5 16. Bd2 Be6 17. e4 Nb6 18. Bf4 Rd7 19. Rfd1 Rad8 20. Rxd7 Rxd7 21. Rc1 h6 22. Nf5 Nc4 23. Rc2 N4e5 24. Bf1 f6 25. Kg2 a6 26. h4 Kh7 27. Bd2 Bxf5 28. exf5 Nd4 29. Rc3 Nxf5 30. Bf4 Ne7 31. Bxe5 fxe5 32. Bd3+ Kg8 33. Be4 c6 34. Rc5 Nd5 35. a4 Kf7 36. Bf5 Rd8 37. Kf3 Kf6 38. Ke4 g6 39. Bg4 h5 40. Bh3 Re8 41. Bd7 Rd8 42. Bxc6 bxc6 43. Rxc6+ Kf7 44. Kxe5 Ne7 45. Rc2 Rd5+ 46. Ke4 Rd6 47. b4 Ke6 48. Rb2 Nd5 49. Rb3 Nb6 50. a5 Nc4 51. Kf4 Kf6 52. Rc3 Rd4+ 53. Kf3 Ne5+ 54. Kg2 Rxb4 55. Ra3 Rb5 56. f3 Kg7 57. Kh3 Kh6 58. g4 hxg4+ 59. fxg4 Rd5 60. Ra4 Rc5 61. Ra3 Nc6 62. g5+ Kh5 63. Re3 Rxa5 64. Re8 Ra3+ 65. Kg2 Kxh4 66. Re6 Ra2+ 67. Kf1 Kxg5 68. Rxc6 Kf5 69. Rc8 g5 70. Rf8+ Kg4 71. Rg8 Kf4 72. Rf8+ Kg3 73. Rh8 g4 74. Ke1 Kg2 75. Kd1 g3 76. Ke1 a5 77. Kd1 a4 78. Kc1 a3 79. Kb1 Rf2 80. Rg8 Kh2 81. Rh8+ Kg1 82. Rh3 a2+ 83. Ka1 g2 84. Rh8 Kf1 85. Rh1+ Ke2 86. Re1+ 1/2-1/2

[Event "Vienna Tschaturanga op"]
[Site "Vienna"]
[Date "2011.05.19"]
[Round "5"]
[White "Gratze, Michael"]
[Black "Galler, Alexander"]
[Result "1-0"]
[WhiteElo "2001"]
[BlackElo "1870"]
[PlyCount "87"]
[EventDate "2011.05.14"]
[EventType "swiss"]
[EventRounds "9"]
[EventCountry "AUT"]
[SourceTitle "CBM 142 Extra"]
[Source "ChessBase"]
[SourceDate "2011.06.27"]
[SourceVersion "1"]
[SourceVersionDate "2011.06.27"]
[SourceQuality "1"]

1. e4 e5 2. Nf3 Nc6 3. Nc3 Nf6 4. Bb5 Bb4 5. 0-0 Bxc3 6. dxc3 0-0 7. Bg5 d6 8. Re1 Bg4 9. Qd3 Bxf3 10. Qxf3 Qe7 11. Re3 Qe6 12. Bxf6 Qxf6 13. Qxf6 gxf6 14. Rg3+ Kh8 15. Bc4 Na5 16. Bd5 c6 17. Bb3 Nxb3 18. axb3 a6 19. Rd1 d5 20. exd5 c5 21. c4 Rad8 22. f4 Rd6 23. Re1 exf4 24. Rf3 Rfd8 25. Re7 R8d7 26. Rxd7 Rxd7 27. Rxf4 Rd6 28. Kf2 Kg7 29. Ke3 Kg6 30. b4 cxb4 31. Kd4 f5 32. Kc5 Rd7 33. Kxb4 Kg5 34. g3 h5 35. Rd4 Kf6 36. c3 Rd8 37. c5 Rc8 38. Kc4 Ke5 39. Rd2 b6 40. Re2+ Kf6 41. c6 Rc7 42. b4 h4 43. b5 hxg3 44. hxg3 1-0

[Event "Vienna Tschaturanga op"]
[Site "Vienna"]
[Date "2011.05.16"]
[Round "2"]
[White "Galler, Alexander"]
[Black "Kottisch, Gustav"]
[Result "0-1"]
[WhiteElo "1870"]
[BlackElo "1983"]
[PlyCount "124"]
[EventDate "2011.05.14"]
[EventType "swiss"]
[EventRounds "9"]
[EventCountry "AUT"]
[SourceTitle "CBM 142 Extra"]
[Source "ChessBase"]
[SourceDate "2011.06.27"]
[SourceVersion "1"]
[SourceVersionDate "2011.06.27"]
[SourceQuality "1"]

1. e4 c5 2. Nf3 Nc6 3. d4 cxd4 4. Nxd4 Nf6 5. Nc3 e5 6. Ndb5 d6 7. Bg5 a6 8. Na3 b5 9. Nd5 Be7 10. Bxf6 Bxf6 11. c3 0-0 12. Nc2 Bg5 13. a4 bxa4 14. Rxa4 a5 15. Bc4 Be6 16. 0-0 Ne7 17. Nxe7+ Qxe7 18. Bd5 Ra7 19. Qa1 Bxd5 20. exd5 Rfa8 21. Qa2 f5 22. Ra1 Qc7 23. Nb4 Qc5 24. Nc6 Ra6 25. Qa3 Qxd5 26. Nxa5 Bd8 27. b4 Bxa5 28. Qa2 Qf7 29. Qxf7+ Kxf7 30. Rxa5 Rxa5 31. Rxa5 Rc8 32. Ra3 Ke6 33. Kf1 Kd5 34. Ke2 Kc4 35. Kd2 Rc7 36. Kc2 d5 37. Ra5 g6 38. f3 e4 39. fxe4 fxe4 40. Ra1 Rf7 41. Rd1 Rf2+ 42. Kc1 Rxg2 43. Rd2 Rxd2 44. Kxd2 g5 45. Ke3 Kxc3 46. b5 d4+ 47. Kxe4 d3 48. b6 d2 49. b7 d1Q 50. b8Q Qd3+ 51. Ke5 Kd2 52. Kf6 Qg6+ 53. Ke5 Kc3 54. Qc8+ Kd2 55. Qd7+ Ke1 56. Qh3 Qg7+ 57. Ke6 Qg8+ 58. Ke5 Qb8+ 59. Kf6 Qf4+ 60. Kg7 g4 61. Qxh7 Qc7+ 62. Kh6 Qxh2+ 0-1